La comprensión en la lectura del estudiante venezolano de la educación básica

Gespeichert in:
Bibliographische Detailangaben
1. Verfasser: Morales, Armando (autor)
Format: Buch
Sprache:Spanisch
Veröffentlicht: Caracas Universidad Pedagógica Experimental Libertador 1994
Schriftenreihe:Serie Investigaciones Educativas
Schlagworte:
Tags: Tag hinzufügen
Keine Tags, Fügen Sie den ersten Tag hinzu!

MARC

LEADER 00000nam a2200000 a 4500
001 UCZ9912
003 CL-VaPUC
008 960314e19940000VE |||||||||||||||||spa|d
082 0 4 |a 372.41  |b MOR  |2 21 
100 |a Morales, Armando  |e autor  |9 354877 
245 1 3 |a La comprensión en la lectura del estudiante venezolano de la educación básica 
300 |a 127 p 
942 |c BK 
945 |d 19960314 00:00:00  |a mcarcey 
260 |a Caracas  |b Universidad Pedagógica Experimental Libertador  |c 1994 
650 0 |a Enseñanza de la lectura  |9 308364 
650 0 |a Calidad de la educación   |9 307271 
650 0 |a Educación básica   |9 224933 
650 7 |a LECTURA ELEMENTAL  |2 CL-VaPUC  |9 307633 
651 0 |a Venezuela  |9 254993 
583 |a last modification  |c 19960314 00:00:00  |k Rodrigo Vera 
490 0 |a Serie Investigaciones Educativas 
999 |c 244959  |d 244957 
952 |0 0  |1 0  |4 0  |6 372_410000000000000_MOR_1994  |7 0  |8 P  |9 259260  |a BIBEDU  |b BIBEDU  |c BIBEDU_PB  |d 2019-11-19  |i 3175537  |o 372.41 MOR 1994  |p 3175537  |r 2024-01-25  |w 2019-11-19  |y BK  |k EPE